00501nam a2200193Ia 4500008004100000020001800041050001400059100002100073245003700094245005000131260001500181260001600196260000900212300001400221300002700235300001000262440002700272500000800299170918s9999 xx 000 0 und d a9780590907392 bB126 1992 aBackstein, Karen 4aThe blind men and the elephant / cKaren Backstein ; illustrated by Annie Mitra. aNew York : bScholastic, c1992 aunpaged : bcolored illustration ; c23cm. aHello reader! Level 3. a280